| 000 | 00506nam a2200169Ia 4500 | ||
|---|---|---|---|
| 003 | GCL | ||
| 008 | 140319s9999 xx 000 0 ara d | ||
| 040 |
_aGCL / _cGCL |
||
| 082 | 0 | 4 |
_a414 _bح ع |
| 100 | 1 | _aحلمى خليل | |
| 245 | 1 | 0 |
_aالعربية وعلم اللغة البنيوى: دراسة فى الفكر اللغوى الحديث / _cحلمى خليل |
| 300 | _a263 ص | ||
| 490 |
_aكتاب _v0 |
||
| 650 | 0 | 4 | _aاللغة العربية |
| 650 | 0 | 4 | _aعلم اللغة |
| 942 |
_2ddc _cBK |
||
| 999 |
_c41304 _d41304 |
||